14th radar meteorology conference November 17-20, 1970 Tucson, Arizona : preprints of papers presented /

Na minha lista:
Detalhes bibliográficos
Corporate Authors: Radar Meteorology Conference Tucson, Arizona, American Meteorological Society
Formato: Conference Proceeding Livro
Idioma:English
Publicado em: Boston : AMS, 1970.
Assuntos:
LEADER 01080cam a2200265 a 4500
001 c000273663
003 CARM
005 20071016092836.0
008 910224s1970 maua b 000 0 eng d
019 1 |a 7959148  |5 LACONCORD2021 
035 |a (OCoLC)220891592  |5 LACONCORD2021 
040 |a VCMB  |b eng  |c VCMB  |d VCAV 
080 |a 551.501.81(061.3) 
082 0 4 |a 551.6353  |2 22 
111 2 |a Radar Meteorology Conference  |n (14th :  |d 1970 :  |c Tucson, Arizona) 
245 1 0 |a 14th radar meteorology conference November 17-20, 1970 Tucson, Arizona :  |b preprints of papers presented /  |c American Meteorological Society. 
260 |a Boston :  |b AMS,  |c 1970. 
300 |a x, 465 p. :  |b ill. ;  |c 28 cm. 
500 |a Includes index. 
504 |a Includes bibliographies. 
650 0 |a Radar meteorology  |x Congresses. 
710 2 |a American Meteorological Society. 
852 8 |b CARM  |h A1:AM01C0  |i F02784  |p 0396108  |f BK 
999 f f |i fd9a90b9-8415-5b5b-a068-4a9c248d8ce8  |s 44ca6104-8b1b-5ceb-b26c-57277d329df2 
952 f f |p Can circulate  |a CAVAL  |b CAVAL  |c CAVAL  |d CARM 1 Store  |e F02784  |f A1:AM01C0  |h Other scheme  |i book  |m 0396108